| 000 | 00835nam a2200205 i 4500 | ||
|---|---|---|---|
| 001 | 124810 | ||
| 003 | ES-MaACL | ||
| 005 | 20230906192513.0 | ||
| 007 | t| | ||
| 008 | 070420s1927 sp ||||1| spa d | ||
| 245 | 0 | 0 |
_aAnteproyecto de seguro de maternidad _b: texto aprobado por el Consejo de Patronato del instituto Nacional de Previsión, en sesión de 21 de diciembre de 1927. |
| 260 |
_aMadrid : _b[s.n.] ( _fOficina Tip. del Instituto Nacional de Previsión) |
||
| 300 |
_a14 p. ; _c21 cm. |
||
| 490 | 1 |
_aPublicaciones del Instituto Nacional de Previsión ; _v179 |
|
| 650 |
_aSubsidio de maternidad- _zEspaña. _917240 |
||
| 710 | 2 |
_aInstituto Nacional de Previsión (España) _95180 |
|
| 830 | 1 |
_aPublicaciones del Instituto Nacional de Previsión ; _v179 _9181151 |
|
| 852 |
_aES-MaACL _jC-12650(4) |
||
| 999 |
_c124810 _d124810 |
||